00717nam a2200241 a 4500001001300000003000900013005001700022008004100039020001000080082001300090100002600103245005800129260003400187300000900221500003500230505002300265650001300288700002600301902000800327942000700335952011600342999001700458nice12345678IN_TiNIC20260116015348.0100923s1980 lona grp 000 0 eng  ac10000a230bSCH aSchillebeecks, Edward aChristb The Christian Experience in the Modern World aLondon bSCM Press Ltd c1980 a925p aincludes index and biblioraphy2 aNotes and epilogue aTheology1 aSchillebeecks, Edward bSRS cBK 001040708StackRoom-aHMIbHMId2010-09-23g100.00l0o230 SCHp11002217r2010-09-23v100.00w2010-09-23yBK c19394d19394